MARC details
| 000 -CABECERA |
| campo de control de longitud fija |
01815nam a2200349 i 4500 |
| 003 - IDENTIFICADOR DEL NÚMERO DE CONTROL |
| campo de control |
DO-SdBNP |
| 005 - FECHA Y HORA DE LA ÚLTIMA TRANSACCIÓN |
| campo de control |
20230502095232.0 |
| 007 - CAMPO FIJO DE DESCRIPCIÓN FÍSICA--INFORMACIÓN GENERAL |
| campo de control de longitud fija |
ta |
| 008 - DATOS DE LONGITUD FIJA--INFORMACIÓN GENERAL |
| campo de control de longitud fija |
210408b19-- dr ag||| |||| 00| 0 spa d |
| 040 #4 - FUENTE DE LA CATALOGACIÓN |
| Centro catalogador/agencia de origen |
DO-SdBNP |
| Lengua de catalogación |
spa |
| Centro/agencia transcriptor |
BNPHU |
| Normas de descripción |
rda |
| 082 #4 - NÚMERO DE LA CLASIFICACIÓN DECIMAL DEWEY |
| Número de clasificación |
780.264 |
| Número de documento/Ítem |
B737c |
| Número de edición |
22 |
| 100 11 - ENTRADA PRINCIPAL--NOMBRE DE PERSONA |
| Nombre de persona |
Borrás, Yolanda |
| 9 (RLIN) |
78337 |
| 245 10 - MENCIÓN DE TÍTULO |
| Título |
!Cantemos todos juntos! : |
| Resto del título |
canciones, rimas y bailes para niños / |
| Mención de responsabilidad, etc. |
Yolanda Borrás |
| 264 ## - PRODUCCIÓN, PUBLICACIÓN, DISTRIBUCIÓN, FABRICACIÓN Y COPYRIGHT |
| Producción, publicación, distribución, fabricación y copyright |
s.l. : |
| Nombre del de productor, editor, distribuidor, fabricante |
Imbilingual.com, |
| Fecha de producción, publicación, distribución, fabricación o copyright |
2018. |
| 300 ## - DESCRIPCIÓN FÍSICA |
| Extensión |
32 páginas : |
| Otras características físicas |
ilustraciones ; |
| Dimensiones |
11 cm. |
| 336 ## - TIPO DE CONTENIDO |
| Fuente |
rdacontent |
| Término de tipo de contenido |
texto |
| Código de tipo de contenido |
txt |
| 337 ## - TIPO DE MEDIO |
| Fuente |
rdamedia |
| Nombre/término del tipo de medio |
sin mediación |
| Código del tipo de medio |
n |
| 338 ## - TIPO DE SOPORTE |
| Fuente |
rdacarrier |
| Nombre/término del tipo de soporte |
volumen |
| Código del tipo de soporte |
nc |
| 500 ## - NOTA GENERAL |
| Nota general |
Guía de actividades para docentes |
| 500 ## - NOTA GENERAL |
| Nota general |
Incluye tabla de contenido |
| 505 ## - NOTA DE CONTENIDO CON FORMATO |
| Nota de contenido con formato |
Vamos niños a cantar - Actividad -- |
| Título |
Vamos niños a cantar -- |
| -- |
Debajo de un botó - Actividad -- |
| -- |
Debajo de un botón -- |
| -- |
Tipi Tipi Tin - Actividades -- |
| -- |
Tipi Tipi Tin -- |
| -- |
Instrumentos musicales -- |
| -- |
Nana Dominicana -- |
| -- |
Coro de animales - Actividad -- |
| -- |
La finca -- |
| -- |
Cheki morena -- |
| -- |
Este niño lindo -- |
| -- |
Instrumentos musicales -- |
| -- |
Levántate soldado -- |
| -- |
El sereno - Actividad -- |
| -- |
El sereno -- |
| -- |
El hijo del conde -- |
| -- |
El barquito de papel -- |
| -- |
Bate, bate, chocolate- Actividad -- |
| -- |
Bate, bate, chocolate -- |
| -- |
Los pollitos -- |
| -- |
Cantemos todos juntos -- |
| -- |
Letra de canciones |
| -- |
Tabla de contenido -- |
| -- |
Hoja de apuntes del docente -- |
| -- |
Sobre la autora. |
| 590 ## - NOTA LOCAL (RLIN) |
| Nota local |
Inventariado, 2021 / SA |
| 650 #4 - PUNTO DE ACCESO ADICIONAL DE MATERIA--TÉRMINO DE MATERIA |
| Término de materia o nombre geográfico como elemento de entrada |
Instrumentos musicales |
| 9 (RLIN) |
13137 |
| 650 #4 - PUNTO DE ACCESO ADICIONAL DE MATERIA--TÉRMINO DE MATERIA |
| Término de materia o nombre geográfico como elemento de entrada |
Apreciación musical |
| 9 (RLIN) |
2776 |
| 650 #4 - PUNTO DE ACCESO ADICIONAL DE MATERIA--TÉRMINO DE MATERIA |
| Término de materia o nombre geográfico como elemento de entrada |
Canciones infantiles |
| 9 (RLIN) |
58583 |
| Subdivisión general |
Partituras |
| 650 #4 - PUNTO DE ACCESO ADICIONAL DE MATERIA--TÉRMINO DE MATERIA |
| Término de materia o nombre geográfico como elemento de entrada |
Bailes para niños |
| 9 (RLIN) |
78339 |
| 650 #4 - PUNTO DE ACCESO ADICIONAL DE MATERIA--TÉRMINO DE MATERIA |
| Término de materia o nombre geográfico como elemento de entrada |
Actividades creativas y trabajos en clase |
| 9 (RLIN) |
8126 |
| 650 #4 - PUNTO DE ACCESO ADICIONAL DE MATERIA--TÉRMINO DE MATERIA |
| Término de materia o nombre geográfico como elemento de entrada |
Actividades para el aula |
| 9 (RLIN) |
78817 |
| 650 #4 - PUNTO DE ACCESO ADICIONAL DE MATERIA--TÉRMINO DE MATERIA |
| Término de materia o nombre geográfico como elemento de entrada |
Guía para docente - Musica |
| 9 (RLIN) |
78338 |
| 910 ## - DATOS DE OPCIÓN DEL USUARIO (OCLC) |
| Datos de opción del usuario |
Saquino |
| 942 ## - ELEMENTOS DE PUNTO DE ACCESO ADICIONAL (KOHA) |
| Fuente del sistema de clasificación o colocación |
Dewey Decimal Classification |
| Tipo de ítem Koha |
Folleto |